Normal view
MARC view
Entry Personal Name
001 - CONTROL NUMBER
- control field: 23613
003 - CONTROL NUMBER IDENTIFIER
- control field: dpl
005 - DATE AND TIME OF LATEST TRANSACTION
- control field: 20101018110824.0
008 - FIXED-LENGTH DATA ELEMENTS
- fixed length control field: 101018|||a|||||| | ||| d
040 ## - CATALOGING SOURCE
- Original cataloging agency: dpl
- Transcribing agency: dpl
100 ## - HEADING--PERSONAL NAME
- Personal name: Griffin, Ricky W.
670 ## - SOURCE DATA FOUND
- Source citation: Work cat.: (dpl)35785: Moorhead, Gregory 23612, Introduction to organizational behavior /, 2010(repr.).
670 ## - SOURCE DATA FOUND
- Source citation: Work cat.: (dpl)35785: Moorhead, Gregory 23612, Introduction to organizational behavior /, 2010(repr.).
